000 00706nam a2200217 i 4500
001 105522
003 ES-MaACL
007 t|
008 060721s1953 ag ||||1| spa d
080 _a821.131.1-31"19"
100 1 _aVittorini, Elio.
_9115531
245 1 3 _aEl simplón guiña el ojo al frejus /
_cElio Vittorini ; traducción de Attilio Dabini.
260 _aBuenos Aires :
_bLosada,
_c[1953]
300 _a149 p. ;
_c21 cm.
490 1 _aLos grandes novelistas de nuestra época
500 _aBiblioteca Juan Andrade.
700 1 _aDabini, Attilio.
_942400
830 0 _aLos grandes novelistas de nuestra época
_9184584
852 _aES-MaACL
_jAND-335
_bR.109640
999 _c105522
_d105522